Evaluación educativa : un proceso de dialogo, comprensión y mejora /

Guardado en:
Autor Principal: Santos Guerra, Miguel Angel
Formato: Libro
Publicado: Buenos Aires : Magisterio del Río de la Plata, 1996
Series:Colección Respuestas Educativas
Materias:
Etiquetas: Agregar Etiqueta
Sin Etiquetas, Sea el primero en etiquetar este registro!
LEADER 01098nam a22002655a 4500
001 CEM.cems009589
005 20080827095135.0
008 130507s1996##################000#0#####d
003 CEMS
020 |a 9505501935 
082 0 4 |a 371.26 
100 1 |a Santos Guerra, Miguel Angel 
245 1 0 |a Evaluación educativa :  |b un proceso de dialogo, comprensión y mejora /  |c Miguel Angel Santos Guerra 
260 |a Buenos Aires :  |b Magisterio del Río de la Plata,  |c 1996 
300 |a 127 p. 
490 0 |a Colección Respuestas Educativas 
500 |a Red Federal de Formación Docente Continua 
505 0 |a Patología general de la evaluación educativa -- La evaluación: un proceso de diálogo, comprensión y mejora -- Los (ab)usos de la evaluación -- Una metáfora para comprender la evaluación -- Cinco más cinco más cinco 
653 |a Educación 
653 |a Democratización escolar 
653 |a Educación y democracia 
653 |a Educación-evaluación 
653 |a Evaluación educativa 
859 |a CEMS  |b BIB. CEMS - 11 de abril  |h 371.26  |i Sa59  |p 19451.97  |t Ej.1 
859 |a CEMS  |b BIB. CEMS